European Championship Final Host Cities - Statistics

General Stats
  • This quiz has been taken 121 times
    103 since last reset
  • The average score is 17 of 18
Answer Stats
Year Host City % Correct
2024 Germany Berlin
100%
2012 Ukraine Kyiv
100%
2004 Portugal Lisbon
100%
1996 England London
100%
2020 England London
100%
2028 England London
100%
1960 France Paris
100%
1984 France Paris
100%
2016 France Saint Denis
100%
1964 Spain Madrid
99%
1968 Italy Rome
99%
1980 Italy Rome
99%
2008 Austria Vienna
99%
2000 Netherlands Rotterdam
95%
1972 Belgium Brussels
94%
1988 West Germany Munich
92%
1976 Yugoslavia Belgrade
83%
1992 Sweden Gothenburg
73%
No matching quizzes found
Score Distribution
Percent of People with Each Score
Percentile by Number Answered
Your Score History
You have not taken this quiz since the last reset